000
00275nam a2200121Ia 4500
100
_a
Black/Pery/O
942
_c
BK
654
_a
Basic machine.
245
_a
Basic machine shop practices.
260
_b
Taraporevala Sons & Co
_c
2001
082
_a
670.423
546
_a
ENGLISH
999
_c
20423
_d
20423